000 01016cam a2200289 4500
008 040817n2004 000 0 eng u
020 _a0071440089
035 _a(Sirsi) u127078
041 _aeng
050 _a694
_c22
100 _aMiller, Mark R.
245 _aCarpentry and construction
250 _a4th ed.
260 _aNew York
_bMcGraw-Hill
_c2004
300 _axvi, 696p.
_bill
_c28cm.
350 _a29.99
520 _aGives information for a wide audience about building a house and describes each stage of the construction process by focusing on recently developed tools and methods. Covers areas such as preparing the site, wiring the house and insulating for thermal efficiency. With over 1 300 photographs and illustrations.
590 _aNB
650 _aTIMBER CONSTRUCTION
650 _aHOUSE CONSTRUCTION
650 _aCARPENTRY
650 _aFRAMING
690 _aBUILT ENVIRONMENT-CONSTRUCTION DESIGN
700 _aMiller, Rex
700 _aBaker, Glenn E.
942 _n0
999 _c103703
_d103703